000 00548nam a2200169Ia 4500
008 090711s9999 xx 000 0 und d
082 _b14704
100 _aमसानी शंकुतला
245 _aजवाहरलालSाी कहाणी
260 _c1956
300 _a101
600 _aमसानी शंकुतला
630 _aजवाहरलालSाी कहाणी
700 _aमसानी शंकुतला
730 _aजवाहरलालSाी कहाणी
942 _cBOOK
999 _c322004
_d322004